000 00612nam a2200193Ia 4500
003 GCL
008 140319s9999 xx 000 0 ara d
040 _aGCL /
_cGCL
082 0 4 _aط
_b813.0876
_bم د
100 1 _aمجدى صابر
245 1 0 _aاشباح القمر الثلجى /
_cمجدى صابر
260 _a[S.N] :
_bميدلايت المحدودة ،
_c1992
300 _a111 ص
490 _aديسكفرى تخصص ومغامرات من الخيال العلمى
_v0
650 0 4 _aالاطفال
650 0 4 _aقصص الاطفال
650 0 4 _aالقصص العلمية
942 _2ddc
_cBK
999 _c58262
_d58262